00723nam a2200181Ia 4500020001800000082001400018245008000032260003500112300001300147650005900160650005400219650004600273650003500319650003700354650002200391650004400413710008400457 a92-1-100366-0 a004 UNI-; 0aInformation system security guidelines for the United Nations Organizations aNew YorkbUnited Nationsc1992 axi, 76p. aComputer networks - Security measures - United Nations aInformation resources management - United Nations aInformation organization - United Nations aInformation systems management aAssociations, institutions, etc. aEconomic security aInformation technology - United Nations aUnited Nations. Advisory Committee for the Co-ordination of Information Systems